[Event "EU-Cup 27th"]
[Site "Rogaska Slatina"]
[Date "2011.09.27"]
[Round "3"]
[White "Gelfand, Boris"]
[Black "Jobava, Baadur"]
[Result "1-0"]
[WhiteElo "2746"]
[BlackElo "2712"]
[Annotator "Mikhalchishin,A"]
[PlyCount "57"]
[EventDate "2011.09.25"]
[EventType "team-swiss"]
[EventRounds "7"]
[EventCountry "SLO"]
[SourceTitle "CBM 145"]
[Source "ChessBase"]
[SourceDate "2011.11.11"]
[SourceVersion "1"]
[SourceVersionDate "2011.11.11"]
[SourceQuality "1"]
[WhiteTeam "SHSM-64"]
[BlackTeam "DAN DZO & PGMB"]
[WhiteTeamCountry "RUS"]
[BlackTeamCountry "UKR"]

1. d4 Nf6 2. c4 e6 3. Nf3 c5 4. d5 exd5 5. cxd5 g6 6. Nc3 Bg7 ({As Jobava
explained, he should have played} 6... d6 {avoiding the continuation from the
game. Many years ago, a great fan of these lines was the Armenian National
Trainer Arshak Petrosian.} 7. Bf4 a6 8. Nd2 Nh5 9. Qa4+ b5 10. Nxb5 axb5 11.
Qxa8 Qb6 12. Bg3 Bg7 13. Qa3 O-O 14. e3 Nxg3 15. hxg3 c4 16. Rc1 Na6 17. Bxc4
bxc4 18. Nxc4 Qb4+ 19. Ke2 Qxa3 20. bxa3 Nc5 21. Nxd6 Ba6+ 22. Kd2 Nd3 23. Rc6
Ra8 24. f4 Nf2 25. Rb1 Bf8 26. Rbb6 $18 {1-0 Petrosian,A (2495)-Cebalo,M (2515)
/Sarajevo 1986}) 7. Bf4 d6 8. Qa4+ $1 Bd7 9. Qb3 b5 10. Bxd6 Qb6 11. Be5 O-O
12. e3 c4 13. Qd1 Na6 14. a4 $1 Nb4 ({Or} 14... Nc5 15. axb5 Bxb5 16. Be2 $5
$16) (14... b4 15. Nb5 $16 {as in Yakovich-Handke, Stockholm 2000.}) 15. axb5
Bf5 16. Bxc4 ({Another option was strong, but risky:} 16. Rc1 Nd3+ 17. Bxd3
Bxd3 18. b3 Rfe8 19. Bd4) 16... Rfc8 $146 ({After} 16... Nc2+ 17. Ke2 Nxa1 (
17... Ng4 18. Bxg7 Ngxe3 $6 19. fxe3 Qxe3+ 20. Kf1 Kxg7 21. Rc1 $18 {was
Wiacek-Daciuk, Poland corr. 1992}) 18. Qxa1 $16 {White has more than enough
for the exchange and is seriously better.}) 17. b3 ({An exchange sacrifice was
possible:} 17. Bd4 Qb7 18. b3 Nc2+ 19. Kf1 Nxa1 20. Qxa1) 17... Ng4 (17... Nc2+
18. Ke2 Nxa1 19. Qxa1 {was similar.}) 18. Bxg7 ({Even stronger and simpler was
} 18. Na4 Qa5 19. Bxg7 Nc2+ 20. Ke2 Kxg7 21. Nd4 $18) 18... Nc2+ 19. Qxc2 $5 {
But Gelfand wanted to demonstrate a beautiful queen sacrifice!} ({There was
nothing wrong with} 19. Ke2 {where} Nxf2 (19... Kxg7 20. Ra6 $18) {does not
work for many reasons, for example} 20. Kxf2 Qxe3+ 21. Kg3 Kxg7 22. Qd2 $18)
19... Bxc2 20. Bd4 {White has a dominating position It is no surpise that
Jobava did not manage to organise any serious resistance. Sooner or later
White's central pawn mass will move forward and the black rooks are helpless.}
Qd8 (20... Qd6 {was slightly better.}) 21. O-O Qe7 ({Or} 21... Nf6 22. Ne5 Ne4
23. Nc6 Qg5 24. Rfc1 Nxc3 25. Rxc2 Ne4 26. Bd3 Nd6 27. f4 Qh5 28. e4) 22. Rfc1
Bf5 23. e4 Bd7 24. h3 Nf6 25. d6 $1 {A useful cheap trick!} Qd8 (25... Qxd6 26.
e5) 26. e5 {Pawns are like bulldozers!} Nh5 27. Nd5 Kf8 28. Be3 Ng7 29. Bg5 1-0

[Event "American Continental 3rd"]
[Site "Buenos Aires"]
[Date "2005.08.07"]
[Round "2"]
[White "Blanco Fernandez, Alvaro"]
[Black "Vasquez Schroder, Rodrigo Rafael"]
[Result "1/2-1/2"]
[WhiteElo "2367"]
[BlackElo "2558"]
[Annotator "Mueller,Karsten"]
[PlyCount "102"]
[EventDate "2005.08.06"]
[EventType "swiss"]
[EventRounds "11"]
[EventCountry "ARG"]
[SourceTitle "CBM 109"]
[Source "ChessBase"]
[SourceDate "2005.11.14"]
[SourceVersion "1"]
[SourceVersionDate "2005.11.14"]
[SourceQuality "1"]

1. d4 Nf6 2. c4 e6 3. Nf3 c5 4. d5 d6 5. Nc3 exd5 6. cxd5 g6 7. h3 a6 8. a4 Qe7
9. g4 Bg7 10. Bg2 O-O 11. O-O Nbd7 12. Bf4 Ne8 13. e4 Rb8 14. Re1 b5 15. axb5
axb5 16. Qe2 b4 17. Nb5 Ne5 18. Nxe5 Bxe5 19. Bh6 Qf6 20. Bxf8 Kxf8 21. Reb1
Bd7 22. Na7 Nc7 23. Qd2 g5 24. Bf1 Rb6 25. Kg2 h5 26. Be2 Bd4 27. Bf3 c4 28.
Ra2 c3 29. bxc3 bxc3 30. Qd3 hxg4 31. hxg4 Rb2 32. Raxb2 cxb2 33. Qc4 Bxg4 34.
Qe2 Bxf3+ 35. Qxf3 Qxf3+ 36. Kxf3 Bxa7 37. Rxb2 Bd4 38. Rb7 Ne8 39. Kg4 Bxf2
40. Kxg5 Be3+ 41. Kf5 Ng7+ 42. Kg4 Bd4 43. Rd7 Be5 44. Kg5 Ne8 45. Kf5 Ng7+ 46.
Kg5 Kg8 $2 {Gives White the chance to get rid of all the pawns. Instead of
this, Black could have won by some complicated manoeuvring, e.g. Gibt Weiß die
Chance, alle Bauern zu beseitigen. Statt dessen hätte Schwarz mit
kompliziertem Manövrieren gewinnen können, z.B.} (46... Ne8 47. Ra7 (47. Kf5
Kg7 48. Ra7 Nf6 49. Ra2 Nh5 50. Kg4 Kg6 51. Kf3 f5 52. exf5+ Kxf5 53. Ke3 Nf6
54. Rf2+ Kg6 55. Rg2+ Kf7 56. Rf2 Ke7 57. Rd2 Kd7 $19 {[%cal Gd7b6,Gb6c5]})
47... Nf6 48. Ra4 Kg7 49. Rc4 Nh7+ 50. Kf5 Nf8 51. Rb4 Ng6 52. Kg5 Nf4 53. Rb8
Ne2 54. Rb7 Ng3 55. Rb4 Bc3 56. Ra4 Ne2 57. Ra2 Bf6+ 58. Kf5 Ng3+ 59. Kf4 Be5+
60. Kf3 Kf6 61. Rg2 Nh5 62. Kg4 Ng7 63. Rf2+ Kg6 64. Kf3 Ne8 65. Rg2+ Kh6 66.
Ra2 f5 67. exf5 Kg5 68. Rg2+ Kxf5 69. Ke3 Nf6 $19) 47. Rd8+ Kh7 48. Rf8 f6+ 49.
Rxf6 $1 Bxf6+ 50. Kxf6 Nh5+ 51. Ke6 Ng3 1/2-1/2

[Event "Olympiad-40"]
[Site "Istanbul"]
[Date "2012.09.07"]
[Round "10.3"]
[White "Postny, Evgeny"]
[Black "Pantsulaia, Levan"]
[Result "1-0"]
[WhiteElo "2638"]
[BlackElo "2575"]
[Annotator "Postny,E"]
[PlyCount "97"]
[EventDate "2012.08.28"]
[EventType "team-swiss"]
[EventRounds "11"]
[EventCountry "TUR"]
[SourceTitle "CBM 151"]
[Source "ChessBase"]
[SourceDate "2012.11.13"]
[SourceVersion "1"]
[SourceVersionDate "2012.11.13"]
[SourceQuality "1"]
[WhiteTeam "Israel"]
[BlackTeam "Georgia"]
[WhiteTeamCountry "ISR"]
[BlackTeamCountry "GEO"]

1. d4 Nf6 2. c4 c5 3. d5 e6 4. Nc3 exd5 5. cxd5 d6 {Levan Pantsulaia is a
talented grandmaster, but has a narrow opening repertoire, playing practically
nothing except the Benoni Defence against 1.d4.} 6. Nf3 g6 7. Bf4 {A couple of
years ago I saw that White achieves promising positions and results and
decided to adopt this line as well.} a6 ({The theoretical pawn sacrifice
doesn't yield Black equality:} 7... Bg7 8. Qa4+ Bd7 9. Qb3 b5 10. Bxd6 Qb6 11.
Be5 O-O 12. e3 c4 13. Qd1 b4 14. Ne2 Bb5 15. Ned4 Nbd7 16. Nxb5 Qxb5 17. Bd4
Qxd5 18. Be2 Nb6 19. O-O Rac8 20. Rc1 Rfd8 21. Qe1 $1 $16 {1-0 Aronian,L (2805)
-Gashimov,V (2761)/Wijk aan Zee 2012/CB04_2012 (48)}) 8. a4 Bg7 9. h3 (9. e3 $6
{allows} Bg4 {with decent play for Black.}) 9... O-O 10. e3 {The main point of
this variation is to put the pawn on e3 and not on e4 as in other Benoni lines.
This limits Black's possibilities for counterplay.} Qe7 11. Be2 Nbd7 12. O-O
Ne8 13. Nd2 {I decided to deviate from my own game vs Cvitan, even though I
was pretty satisfied with the outcome of the opening.} (13. a5 b5 14. axb6 Nxb6
15. Qb3 Nd7 16. Ra4 Rb8 17. Qa2 $14 {1-0 Postny,E (2651)-Cvitan,O (2541)/
Sarajevo 2012/CB19_2012 (48)}) 13... Ne5 14. a5 g5 $6 $146 {A standard idea,
but it doesn't work out well in this particular position.} (14... Nc7 15. Bg3
f5 16. Qc2 Rb8 17. Rfe1 b5 18. axb6 Rxb6 19. f4 Nf7 $14 {1-0 Turov,M (2636)
-Bogut,Z (2441)/Sibenik 2012/CB39_2012 (41)}) (14... Bd7 15. Qb3 Nc7 16. Nde4
Rfd8 17. Rfe1 Be8 18. Bg5 f6 19. Bh4 Nf7 20. Nd2 Rab8 21. Bf1 g5 22. Bg3 f5 23.
f4 $16 {1-0 Riazantsev,A (2682)-Cebalo,M (2500)/Biel 2010/CBM 137 Extra (27)})
15. Bxe5 $1 {[%mdl 32] Normally White preserves the bishop on g3 or h2.
However, it's not clear whether the bishop is useful there. The knight on e5
is also a worthy piece and prevents White's counterpart from occupying the
excellent c4-outpost.} Bxe5 16. Bd3 Ng7 $6 {Not the best route for the knight.}
(16... Nf6 17. Nc4 Bd7 18. f4 gxf4 19. Qf3 Rae8 20. Rae1 Bxc3 21. bxc3 Bb5 22.
exf4 (22. Qxf4 $6 Bxc4 23. Bxc4 Nd7 $13 {[%cal Gd7e5]}) 22... Qd8 23. Nb6 Bxd3
24. Qxd3 $16) 17. Nc4 $16 {[%csl Gc4]} h5 18. f4 {Black's expansion plays
against him, White is the one who has grounds to attack on the kingside.} gxf4
19. exf4 Bd4+ 20. Kh2 Re8 (20... Bg4 21. Qe1 Qxe1 22. Raxe1 Bf5 23. Bxf5 Nxf5
24. g4 $16) 21. Ne4 {[%csl Rd6]} Rd8 22. Ng5 {White has many attractive
options, I tried to choose the one which gives Black as little counterplay as
possible.} Bd7 23. Qf3 Bb5 24. Rae1 {Missing the opportunity to win material.}
(24. Nb6 $1 Rab8 25. Bxb5 axb5 26. Qd3 $18 {[%cal Gd3b5,Gd3h7]}) 24... Qf6 25.
b3 Rab8 26. Bh7+ Kf8 27. Bc2 Qh6 28. g3 $6 {Also here I missed a tactical
chance. Suddenly I found myself in certain time-trouble, so I decided to play
it safe. Strategically my position is still winning.} (28. Ne5 $1 Be8 $8 (28...
dxe5 $2 29. fxe5 $18 {[%csl Rf7]}) 29. h4 {dominating.}) 28... Bxc4 $6 {
Levan decided to open the b-file, but this also made my play easier.} (28...
Re8 {would force me to find a clear plan.}) 29. bxc4 b5 30. axb6 Rxb6 31. Rb1 {
Black's play on the queenside is not effective, especially when his queen is
stuck on the other side of the board.} Rdb8 (31... Rb4 32. Qa3 $18 {[%csl Ra6]}
) 32. Rxb6 Rxb6 33. Re1 Kg8 (33... Rb2 34. Re2 h4 35. g4 $18) 34. h4 Qf6 $2 (
34... Rb2 35. Re2 Qf6 {was more resistant, but, obviously, several precise
moves should bring White a win.}) 35. Qe4 Qg6 (35... Qh6 36. Qe7 $18) 36. Qxg6
fxg6 37. Bxg6 a5 38. Re7 Ra6 39. Rd7 Ra8 40. Bc2 $6 {Having little time on
move forty I wanted to play it safe, especially considering the unclear match
situation.} (40. Rxd6 $1 a4 41. Bf7+ Kf8 42. Rd7 {with inevitable mate.}) 40...
a4 41. Bxa4 Nf5 $1 {The last practical chance.} (41... Rxa4 42. Rd8+ Ne8 43.
Rxe8+ Kg7 44. Re6 Rxc4 45. Rxd6 $18) 42. Bd1 Ra2+ 43. Kh3 Ra3 (43... Bg1 44.
Bxh5 Rh2+ (44... Ne3 45. Nf3 $18) 45. Kg4 Nh6+ 46. Kf3 Rf2+ 47. Ke4 $18) 44.
Bxh5 $1 {White's king easily escapes from checks.} Rxg3+ 45. Kh2 Bg1+ 46. Kh1
Bd4 47. Bf7+ Kg7 (47... Kh8 48. Be6 $18 {[%cal Gd7h7]}) 48. Be6+ Kg6 49. h5+ (
49. h5+ Kxh5 50. Bxf5 $18) 1-0

[Event "Rohde op 10th"]
[Site "Sautron"]
[Date "2010.10.25"]
[Round "3"]
[White "Spassov, Liuben"]
[Black "Dziuba, Marcin"]
[Result "0-1"]
[WhiteElo "2383"]
[BlackElo "2579"]
[Annotator "Primel,D"]
[PlyCount "82"]
[EventDate "2010.10.23"]
[EventType "swiss"]
[EventRounds "9"]
[EventCountry "FRA"]
[SourceTitle "EXT 2012"]
[Source "ChessBase"]
[SourceDate "2011.11.24"]
[SourceVersion "1"]
[SourceVersionDate "2011.11.24"]
[SourceQuality "1"]

1. d4 Nf6 2. c4 c5 3. d5 e6 4. Nc3 exd5 5. cxd5 d6 6. Nf3 g6 7. Bf4 {[%csl Rd6]
} (7. e4) (7. Nd2) 7... a6 {[%cal Gb7b5]} ({RR} 7... Bg7 8. Qa4+) 8. a4 ({RR} 
8. Nd2) ({RR} 8. e4) 8... Bg7 9. h3 O-O 10. e3 Qe7 {[%csl Ge4][%cal Ge7d6]} 11.
Be2 Nbd7 12. O-O Ne8 13. Re1 ({RR} 13. Nd2 {[%cal Gd2c4]} Rb8 ({RR} 13... Ne5)
14. Bh2 ({RR} 14. Nc4 f5 15. Bh2 Ne5 16. Qb3 Nxc4 17. Bxc4 b6 18. Rae1 Nc7 19.
Qa3) 14... Nc7 15. Nc4 ({RR} 15. Qb3 Ne5 16. Rfe1 f5) ({RR} 15. Nde4 Be5) 15...
Ne5 16. Nb6 Nd7 ({RR} 16... Na8) 17. Nxc8 Rfxc8) ({RR} 13. Qb3 Rb8 14. Nd2 f5
15. Nc4 g5 16. Bh2 f4 17. exf4 gxf4 18. Rfe1 Ne5 19. Ne4 b5 20. axb5 Rxb5 21.
Qd1 Rb4) 13... Ne5 ({RR} 13... Rb8 14. Ra3 Nc7 15. Rb3 Re8 16. Bh2 Ne5 17. Nd2
g5 18. a5 f5 19. Nf1 Bd7 20. Ng3 f4 ({RR} 20... Ng6 21. Nh5 Be5) 21. exf4 gxf4
22. Nge4 Ng6 23. Bh5 Be5 24. Bg4 Kg7 25. Rb6 Bxg4 26. hxg4 Na8 27. Nxd6) 14. a5
$146 {[%csl Rb6]} ({RR} 14. Nd2 f5 15. Bh2 Nf6 ({RR} 15... g5 16. f4 Ng6 17.
Nc4 gxf4 18. exf4 Qh4 19. Kh1 Bd7 20. Bf1 Rd8 21. Nb6 Bd4 22. g3 Qf6 23. Qf3
Ng7 24. Rab1 Be8 25. Ne2 Bxb2 26. Bg1 Ne7 27. Qb3 Bd4 28. Nxd4 cxd4 29. Qd3 Bg6
30. Rbc1 {Wojtaszek,R (2663)-Iturrizaga Bonelli,E (2614)/Burguillos 2010/CBM
137 Extra/1-0 (37)}) 16. a5 Bd7 17. f4 Nf7 18. Bd3 Rae8 19. Qb3 Bc8 20. Nc4 Qd8
21. Qb6 Re7 22. Qxd8 Rxd8 23. Bg3 h6 24. Bf2 Bd7 25. Nb6 Ne4 26. Nxe4 fxe4 27.
Be2 Bxb2 28. Ra2 Bf6 {Sargissian,G (2680)-Fier,A (2601)/Bursa 2010/CBM 134/1/
2-1/2 (39)}) ({RR} 14. Bxe5 Bxe5 15. Nxe5 Qxe5 16. Qd2 Bd7 17. Rab1 Nf6 18. f4
Qe7 19. Bf3 b5) 14... Nxf3+ $1 {[%cal Ge8f6,Gf6d7,Gd7e5] Libère la case "e5"
pour l'autre N et avec une position un peu ressérée, les échanges sont dans
l'intérêt, des Noirs} 15. Bxf3 Nf6 16. Na4 {[%csl Gb6]} Nd7 {[%cal Gd7e5]} 17.
Ra3 $5 Rb8 18. Rb3 b5 $1 {Jouant pour le gain, quitte а concéder un
affaiblissement et les Noirs ont des compensations pour le P sacrifié} (18...
Ne5 19. Nb6 $14) 19. axb6 Ne5 $44 {[%csl Ra4,Rb3][%cal Gc5c4] Les pièces
Blanches sont assez mal placées а l'aile-dame} 20. Bxe5 $6 {Le Ne5 était trés
fort mais non seulement les Blancs concèdent la paire de B mais le Bf3 n'est
pas trés bon.} Bxe5 21. Qd3 Qh4 {[%csl Ra4][%cal Gh4a4,Gc8h3]} 22. Qe4 Qd8 23.
Ra1 {[%csl Ra6][%cal Ga1a6,Gf3e2,Ga4c3] Les Blancs ont un gros problème de
coordination des pièces et pour attaquer le P"a6", il faudrait replier le N,
ce qui ferait tomber le P"b6"} Bd7 $36 {[%csl Ra4]} 24. Be2 {[%cal Ge2a6]} Re8
{[%cal Ge8e4] A part la Q, toutes les pièces noires sont trés actives} (24...
Bxa4 25. Qxa4 Rxb6 $132 {[%csl Rb2]}) (24... f5 $5 {[%csl Re6]}) 25. Qc2 (25.
Bxa6 Bh2+) 25... Bc8 (25... Bxa4 $143 26. Rxa4 Rxb6 27. Bxa6 Rxb3 28. Qxb3 $14)
26. Rba3 {Un plan pas très efficace, car le Na4 est bloqué а la défense du
P"b6"} Bg7 27. Rb1 Qg5 {[%csl Rg1,Rg2][%cal Gc8h3,Gg5g1]} 28. e4 {[%cal Ga3h3]}
f5 $5 (28... Qh4 $1 {[%csl Rf2][%cal Gg7d4,Ge8e4] Plus simple pour garder le
coup f5 en réserve} 29. Bf3 (29. Bd3 {[%csl Rd3]} Bd4) 29... Bd4 $40 {[%csl
Gd4,Rf2][%cal Gf7f5]}) 29. b4 c4 (29... fxe4 $142 {Semblait plus simple car la
poussée c4 prive le B de cases noires d'une case forte en "d4й} 30. bxc5 (30.
Rg3) 30... e3 $1 $40 31. f4 (31. Rxe3 Rxe3 32. fxe3 Bf5 33. e4 Qe3+) (31. fxe3
Bxh3 $1) 31... Qg3 {[%cal Gc8h3]} 32. c6 Bxh3 33. Bxa6 {[%cal Gc2g2]} Bd4 $19 {
[%cal Ge3e2,Gd4g1]}) 30. Qxc4 fxe4 31. Re3 Bf5 32. Rd1 (32. Nc5 $5 Rxb6 (32...
dxc5 33. bxc5 $40 {[%csl Gb6,Gc5][%cal Gc5c6,Gc6c7,Gd5d6,Gc4g8]}) 33. Nxe4)
32... Bh6 $1 {[%csl Re3][%cal Gh6e3]} 33. Qxa6 (33. Qb3 $142 {[%cal Ge2a6,
Gb3e3] il vaut mieux éviter de décentraliser la Q blanche en allant chercher
le P"a6" et laisser le Be2 faire rpession sur "a6"}) 33... Qh4 $40 {[%csl Re3]
Profitant du manque de coordination des pièces blanches} 34. Bb5 (34. g3 Qxh3
35. Bf1 Qg4 36. Be2 Qg5 37. Qc4 Qe7 38. Rc3 e3 39. f4 g5 $1 {[%csl Rg1]
Profitant de la paire de B}) 34... Bxe3 35. fxe3 Rf8 $19 36. Bf1 Bxh3 $1 {
La pointe finale} 37. Rd2 (37. gxh3 Qg3+ 38. Bg2 Rf2) 37... Qg3 38. Re2 Rf7 39.
Nc3 Rbf8 40. Qa1 Bg4 41. b7 Bxe2 {[%mdl 512]} 0-1

[Event "Rohde op 12th"]
[Site "Sautron"]
[Date "2012.11.01"]
[Round "7"]
[White "Le Roux, Jean Pierre"]
[Black "Oleksienko, Mikhailo"]
[Result "0-1"]
[WhiteElo "2563"]
[BlackElo "2539"]
[Annotator "Primel,D"]
[PlyCount "64"]
[EventDate "2012.10.27"]
[EventType "swiss"]
[EventRounds "9"]
[EventCountry "FRA"]
[SourceTitle "EXT 2014"]
[Source "ChessBase"]
[SourceDate "2013.11.20"]
[SourceVersion "1"]
[SourceVersionDate "2013.11.20"]
[SourceQuality "1"]
[TimeControl "40/5400+30:1800+30"]
[WhiteClock "1:30:00"]
[BlackClock "1:30:00"]

1. d4 {[%emt 0:00:15]} Nf6 {[%emt 0:00:00]} 2. c4 {[%emt 0:00:43]} c5 {[%emt 0:
00:00]} 3. d5 {[%emt 0:00:52]} e6 {[%emt 0:00:00]} 4. Nf3 {[%emt 0:01:00]} d6 {
[%emt 0:00:00]} 5. Nc3 {[%emt 0:00:55]} exd5 {[%emt 0:00:00]} 6. cxd5 {[%emt 0:
00:05]} g6 {[%emt 0:00:03]} 7. h3 {[%emt 0:01:45][%cal Gc1f4] Une ligne
secondaire dans la Benoni} Bg7 {[%emt 0:00:26]} 8. Bf4 {[%emt 0:00:06]} O-O {
[%emt 0:01:36]} 9. e3 {[%emt 0:00:45]} a6 {[%emt 0:02:53]} 10. a4 {[%emt 0:00:
16]} Qe7 {[%emt 0:00:58]} 11. Be2 {[%emt 0:00:56]} Nbd7 {[%emt 0:00:23]} 12.
O-O {[%emt 0:00:46]} Rb8 {[%emt 0:02:05]} (12... Ne8 13. Re1 (13. Nd2 {[%cal
Gd2c4]})) 13. a5 {[%emt 0:00:16]} (13. Re1 Ne8 14. e4 (14. Nd2)) 13... Ne8 {
[%emt 0:05:07][%cal Ge8c7,Gb7b5]} 14. Nd2 {[%emt 0:06:02]} Nc7 {[%emt 0:00:50]}
({RR} 14... Ne5 15. Na4 Bd7 16. Nb6 Bb5 17. Re1 f5 18. Qb3 Nc7 19. Ndc4 Nf7 20.
Rad1 Qf6 21. Bg3 Rbd8 22. Na4 Na8 23. Nc3 Bxc4 24. Bxc4 Rb8 25. Na4 Ne5 26. Bf1
Qd8 27. Nb6 Nxb6 28. axb6 Qe7 29. Bxe5 {Parligras,M (2650)-Gashimov,V (2757)/
Porto Carras 2011/CBM 146/0-1 (51)}) 15. Nc4 {[%emt 0:15:57]} Ne5 {[%emt 0:00:
47]} 16. Nb6 {[%emt 0:00:53]} Na8 $5 $146 {[%emt 0:03:27]} ({RR} 16... Nd7 17.
Nca4 Be5 18. Nxd7 Bxd7 19. Nxc5 Bxf4 20. Nxd7 Qxd7 21. exf4 Qf5 22. Rc1 Ne8 23.
Qd4 Qf6 24. Qb4 Qd8 25. Rc3 b6 26. axb6 Rxb6 27. Qa5 Nf6 28. b3 Qb8 29. Bf3
Rxb3 30. Rxb3 Qxb3 31. Qxa6 {Chirila,I (2539)-Leon Hoyos,M (2569)/Richardson
2012/CBM 147 Extra/1-0 (44)}) 17. Nxa8 {[%emt 0:10:55]} (17. Nca4 {[%cal Ga4b6]
}) 17... Rxa8 {[%emt 0:00:14]} 18. Bg3 {[%emt 0:00:34]} Rb8 {[%emt 0:05:44]}
19. f4 {[%emt 0:18:22][%csl Re3]} Nd7 {[%emt 0:00:47]} 20. e4 {[%emt 0:01:38]}
b5 {[%emt 0:03:11]} (20... Bxc3 {Risqué mais peut-être jouable} 21. bxc3 Qxe4
22. Bf3 (22. Qd2) 22... Qf5 (22... Qe3+ 23. Kh2 Qxc3 {[%cal Gc3g7]} 24. Bh4 $44
{[%csl Rd6,Rg8][%cal Gh4e7]})) 21. Bf3 {[%emt 0:06:23]} c4 $132 {[%emt 0:10:24]
[%cal Gd7c5,Gc5d3]} 22. Bf2 {[%emt 0:01:26]} (22. e5 $6 dxe5 (22... Nc5 23. Bf2
(23. Ne4 Nxe4 (23... dxe5 $2 24. d6)) 23... Nd3 $36 {[%csl Gd3]}) 23. d6) 22...
g5 $1 {[%emt 0:00:33][%csl Ge5]} (22... Bb7 23. Qd2 Rbc8 24. e5 $5 Rfe8 (24...
dxe5 25. d6) 25. Rae1 $36) 23. e5 $5 {[%emt 0:04:10] Le guingampais sent que
les Noirs commencent а prendre l'initiative et ils préfèrent essayer
d'attaquer avant que les Noirs n'aient terminé le développement.} (23. Qd2 {
[%cal Ga1e1] Plus solide} gxf4 {[%cal Gd7e5]} 24. Qxf4 Ne5 $36 {[%csl Ge5]}) (
23. Ba7 Ra8 24. Bd4 gxf4 25. Bxg7 Kxg7 26. Qd2 $44 {[%cal Ga1e1]}) 23... gxf4 {
[%emt 0:01:48]} 24. exd6 {[%emt 0:00:20]} Qxd6 {[%emt 0:00:05]} 25. Ne4 {
[%emt 0:13:43]} Qg6 {[%emt 0:04:01]} 26. Re1 {[%emt 0:09:19]} (26. Qd2 Ne5 $17
{[%csl Ge5][%cal Ge5f3,Ge5d3]}) 26... Ne5 $36 {[%emt 0:04:54][%csl Ge5][%cal
Gg6g1,Gc8h3]} 27. Bh5 {[%emt 0:00:23]} Qh6 {[%emt 0:01:35]} 28. Bc5 $2 {
[%emt 0:01:30]} (28. g4 $17 {Trés moche mais c'était aussi plus solide que Bc5
qui permet une fourchette}) 28... Nd3 {[%emt 0:03:05]} 29. Be7 {[%emt 0:01:31]}
Bf5 $19 {[%emt 0:11:02]} 30. Nd6 {[%emt 0:01:53]} Bg6 {[%emt 0:01:57]} 31. Bf3
{[%emt 0:00:51]} Rfd8 {[%emt 0:03:24]} 32. h4 {[%emt 0:00:53]} Rxd6 {[%emt 0:
03:10]} 0-1